• 首页
  • 本馆介绍
  • 公告通知
  • 最新文献
  • 馆藏检索
  • 电子资源
  • 读者导购
  • 参考咨询
  • 我的图书馆
  • 登录
  • 详细信息显示
  • 放入我的书架
  • 预约/预借图书
  • 作者相关作品
  • 分类相关作品
  • 丛书相关作品
  • 出版社相关作品

书目信息

  • 表格格式
  • 工作单格式
  • 卡片格式
题名:
知识协同理论与方法研究
    
 
作者: 俞竹超 , 樊治平 著
分册:  
出版信息: 北京   科学出版社  2014
页数: 225页
开本: 24cm
丛书名:
单 册:
中图分类: G302
科图分类:
主题词: 知识管理--研究
电子资源:
ISBN: 978-7-03-040957-7
000 01095nam0 2200253 450
001 339633
005 20150608163212.68
010    @a978-7-03-040957-7@dCNY60.00
100    @a20140723d2014 emky0chiy50 ea
101 0  @achi
102    @aCN@b110000
105    @ay v 000yy
106    @ar
200 1  @a知识协同理论与方法研究@Azhi shi xie tong li lun yu fang fa yan jiu@f俞竹超, 樊治平著
210    @a北京@c科学出版社@d2014
215    @a225页@d24cm
300    @a国家自然科学基金面上项目 东北大学工商管理学院985工程建设项目 中央高校基本科研业务费资助项目资助出版
330    @a本书以知识管理理论为基础, 基于协同学、计算与数理组织、社会网络、博弈论、系统动力学、系统评价等理论与方法, 对知识协同理论进行了系统性研究。此外, 在应用研究方面, 提出了一个知识协同平台的架构, 分析研究了知识协同平台的主要功能, 并给出了知识协同的评价体系与具体评价方法, 为知识协同的广泛实践应用创造条件。
606 0  @a知识管理@x研究
690    @aG302@v5
701  0 @a俞竹超@Ayu zhu chao@f(1974)@4著
701  0 @a樊治平@Afan zhi ping@f(1961)@4著
801  0 @aCN@b卓展宏图@c20150525
905    @dG302@e180@f4
    
    知识协同理论与方法研究/俞竹超, 樊治平著.-北京:科学出版社,2014
    225页;24cm
    国家自然科学基金面上项目 东北大学工商管理学院985工程建设项目 中央高校基本科研业务费资助项目资助出版
    
    ISBN 978-7-03-040957-7:CNY60.00
    本书以知识管理理论为基础, 基于协同学、计算与数理组织、社会网络、博弈论、系统动力学、系统评价等理论与方法, 对知识协同理论进行了系统性研究。此外, 在应用研究方面, 提出了一个知识协同平台的架构, 分析研究了知识协同平台的主要功能, 并给出了知识协同的评价体系与具体评价方法, 为知识协同的广泛实践应用创造条件。
●
相关链接 在E读中查询图书 在五车中查询图书 在当当中查询图书 在豆瓣中查询图书


正题名:知识协同理论与方法研究     索取号:G302/180         预约/预借

序号 登录号 条形码 馆藏地/架位号 状态 备注
1 863436   208634361   第一样本阅览室/ [索取号:G302/180] 在馆    
2 863437   208634370   教育系资料室/ [索取号:G302/180] 在馆    
3 863438   208634389   第四借阅区/ [索取号:G302/180] 在馆    
4 863439   208634398   第四借阅区/ [索取号:G302/180] 在馆    
唐山师范学院图书馆 欢迎您!
大连网信软件有限公司© 版权所有